000 00924nam a2200217 i 4500
001 53742
003 ES-MaACL
005 20250830063049.0
007 t|
008 980305s1867 sp ||||1| spa d
100 1 _aFernández y González, Francisco,
_d1833-1917
_949827
245 1 0 _aHistoria de la crítica literaria en España desde Luzán hasta nuestros días, con exclusión de los autores que aún viven /
_cmemoria escrita por Francisco Fernández González.
260 _aMadrid :
_b[s.n.],
_c1867 (
_fImp. de Alejandro Gómez Fuentenebro)
300 _a74 p. ;
_c26 cm.
530 _aDisponible en formato digital.
650 4 _aCrítica literaria-
_zEspaña-
_yS.XVIII.
_9161167
650 4 _aCrítica literaria-
_zEspaña-
_yS.XIX.
_9161168
852 _aES-MaACL
_jT-1293-F-8
856 _uhttp://bdh-rd.bne.es/viewer.vm?id=0000102042&page=1
_zBiblioteca Digital Hispánica
999 _c53742
_d53742